Les Énergies par photo - Statistiques

Statistiques générales
  • Ce quiz a été pris 22 fois
  • Le résultat moyen est 4 sur 12
Statistiques - réponses
Par images Réponse % Correct
Énergie Éolienne
69%
Énergie Solaire
69%
Énergie Hydraulique
56%
Gaz
50%
Énergie Nucléaire
44%
Charbon
31%
Énergie Marémotrice
31%
Pétrole
25%
Biomasse
13%
Géothermie
6%
Hydrogène
6%
Hydrolienne
6%
Aucun quiz correspondant
Distribution des résultats
% des personnes avec chaque résultat
Percentile par nombre de réponses
Votre historique - résultats
Vous n’avez pas pris ce quiz